Metric spaces on non-positive curvature

Αποθηκεύτηκε σε:
Λεπτομέρειες βιβλιογραφικής εγγραφής
Κύριος συγγραφέας: Bridson, Martin R. 1964-
Άλλοι συγγραφείς: Haefliger, Andre
Μορφή: Βιβλίο
Γλώσσα:English
Δημοσίευση: Berlin : Springer, c1999
Σειρά:Grundlehren der mathematischen wissenschaften ; ; v.319
Θέματα:
Ετικέτες: Προσθήκη ετικέτας
Δεν υπάρχουν, Καταχωρήστε ετικέτα πρώτοι!

MARC

LEADER 00000nam a2200000 i 4500
001 1/5657
008 000607s1999 eng d
020 |a 3540643249 
035 |l 10061662 
040 |a GR-MY-UA  |b gre  |e aacr 
041 0 |a eng 
082 0 |a 514.32 
100 1 |a Bridson, Martin R.  |d 1964- 
245 1 0 |a Metric spaces on non-positive curvature /  |c Martin R. Bridson, Andre Haefliger 
260 |a Berlin :   |b Springer,   |c c1999 
300 |a xxi, 643 p.;  |b ill.;  |c 24 cm. 
490 1 |a Grudlehren der mathematischen Wissenschaften  |v ; v.319 
504 |a Includes bibliographical references and index 
650 0 0 |a Metric spaces. 
650 0 0 |a Geometry, Differential. 
700 1 |a Haefliger, Andre. 
830 0 |a Grundlehren der mathematischen wissenschaften ;  |v ; v.319 
852 |a INST  |b SAMOS  |e 20000607  |h 514.32 BRI  |p 005300019707  |q 005300019707  |t BK  |y 0 
901 |a BIBL3-2000-2 
909 |a Σ  |b 078714 
922 |a 3ΕΛΗ  |b 200005  |c ΤΜΗΜΑ ΜΑΘΗΜΑΤΙΚΩΝ  |d ΠΑΠΑΣΩΤΗΡΙΟΥ 
950 |a 116-2000-01-19 
970 |a ΠΟΥΡΝΑΡΑΣ  |b ΔΗΜΗΤΡΗΣ  |z 2000/06/14